000 00523ntaaa2200193 4500
003 01
005 20251027201018.0
008 0714s1973 ag 01
040 _aAR-BaBN
_bspa
_cAR-BaBN
_eaacr
_dRIC
082 _a136.735 V23
100 _aValentine, C. W.
245 _aAbnormalidades en el niño normal /
_cC. W. Valentine
250 _a1 ed.
260 _aBuenos Aires :
_bEditorial Paidós,
_c1966
300 _a310 p.
500 _aIntroducción general a la psicología infantil.
650 _aNiñez
942 _cBK
999 _c4201
_d4201